| LEADER | 00875pam a2200217 4500 | ||
|---|---|---|---|
| 001 | 0000053548 | ||
| 008 | 100222s2008 inu eng | ||
| 020 | |a 0789737132 | ||
| 020 | |a 9780789737137 | ||
| 090 | 0 | 0 | |a CDR |b 04144 |
| 245 | 0 | 0 | |a Measureup know what you know |h electronic resource |
| 260 | |a Indianapolis, IN |b Que Pub. |c 2008 | ||
| 300 | |a 1 electronic computer optical disc (CD-ROM) |c 4 3/4 in. | ||
| 490 | 0 | |a Exam prep | |
| 500 | |a Accompanies text entitled "CCNA exam prep : (exam 640-802)" : QA76.3.C59 2008 os | ||
| 650 | 0 | |a Electronic data processing personnel |x Certification |9 10598 | |
| 650 | 0 | |a Computer networks |x Examinations |v Study guides |9 12201 | |
| 998 | 0 | 0 | |a rh/220210 |
| 999 | |c 53391 |d 53391 | ||
| 997 | |a FTMK | ||
| 952 | |0 0 |1 0 |2 lcc |4 0 |7 0 |9 77014 |a MEDIA |b MEDIA |c Media Collection |d 2019-02-26 |g 0.00 |l 0 |o CDR 04144 |p 0000067000 |r 2010-05-24 |s 2010-05-24 |w 2019-02-26 |y CDR - MED | ||